000 00278nam a2200121Ia 4500
008 190216s9999||||xx |||||||||||||| ||und||
100 _aAlexandre Dumas
245 4 _aThe Count Of Monte Cristo
260 _bMacmillan
_c1989
300 _a175p
650 _aEnglish
942 _cBK
999 _c13481
_d13481